| 000 | 00601nam a22001457a 4500 | ||
|---|---|---|---|
| 008 | 230601b |||||||| |||| 00| 0 eng d | ||
| 040 |
_aNational Science Library _cNational Science Library |
||
| 080 |
_a613/614 _bQ0 |
||
| 245 |
_aHuman health perspective on climate change: _bReport outlining the research needs on the human health effects of climate change _c/ The Interagency Working Group on Climate Change and Health |
||
| 260 |
_aLondon: _bThe Interagency Working Group on Climate Change and Health, _c2010 |
||
| 300 | _a70p. | ||
| 650 | _aScience | ||
| 653 | _aHealth | ||
| 942 |
_2udc _cREP |
||
| 999 |
_c38087 _d38087 |
||